000 00543nam a2200181Ia 4500
008 100920s9999 xx 000 0 und d
082 _b48227
_a--- थ 84
100 _aकाळे वैजयंती.
245 _aमालक.
260 _bराजेन्द्र पब्लिकेशन्स्र, पुणे.
_c1984
300 _a175
_bसाधी
365 _b36
520 _aकादंबरी.
630 _aमालक.
650 _aकादंबरी.
730 _aमालक.
942 _cBOOK
999 _c695271
_d695268